| 000 | 00832nam a2200169 4500 | ||
|---|---|---|---|
| 999 |
_c61991 _d61991 |
||
| 003 | Ge_BSU | ||
| 005 | 20240619143646.0 | ||
| 008 | 240619s1955 ge ||||| |||| 00| 0 geo d | ||
| 041 | _ageo | ||
| 080 | _a613.816 გ-58 | ||
| 100 |
_aგობრონიძე, ე. _922496 |
||
| 245 |
_aალკოჰოლიზმი ჯანმრთელობის მტერია : _b თბილისში წაკითხული საჯარო ლექციის სტენოგრამა / _cე. გობრონიძე; საქ. სსრ პოლიტ. და მეცნ. ცოდნის გამავრც. საზ-ბა. |
||
| 264 |
_aთბილისი, _c1955. |
||
| 300 |
_a40 გვ. ; _b21 სმ. |
||
| 653 | _aალკოჰოლიზმი | ||
| 942 |
_2udc _cᲬᲘᲒᲜᲘ |
||